000 00998nam a2200313 a 4500
001 000107867
003 CHAP
005 20220329143947.0
008 131113s2012 mx | |r| |||||||spa d
010 _a104329
011 _a105301
020 _a9786071202529
040 _cCHAP
082 0 4 _a338.972
_bT6
100 1 _aTorres Carral, Guillermo.
_9114067
245 1 0 _aDesarrollo compatible :
_bnueva ruralidad y nueva urbanidad /
_cpor Guillermo Torres Carral.
260 _aChapingo, Méx. :
_bUACH. Departamento de Sociología Rural
_bPlaza y Valdés,
_c2012.
300 _a277 p.
590 _aBATCH-UPD
_b05
_c20161103
_lUCH01
_h0905
590 _aE5765TAJ
_b05
_c20190909
_lUCH01
_h0855
590 _aE6096MTM
_b05
_c20131113
_lUCH01
_h1014
650 1 4 _aAgricultura e industrialización
_92001
650 1 4 _aCambio social
_zMéxico.
_917790
650 1 4 _aDesarrollo rural.
_932067
650 1 4 _aDesarrollo sustentable
_xMéxico.
_932090
901 _aBK
942 _cLIBRO
942 _n0
999 _c104329
_d104329